[Event "ch-NED semi-finals"]
[Site "Leeuwarder NED"]
[Date "2001.02.11"]
[Round "1.4"]
[White "Hommeles,T"]
[Black "Blokhuis,J"]
[Result "1-0"]
[WhiteElo "2422"]
[BlackElo "2305"]

1.e4 c5 2.Nf3 Nc6 3.d4 cxd4 4.Nxd4 Nf6 5.Nc3 d6 6.Bg5 e6 7.Qd2 Be7 8.O-O-O Nxd4
9.Qxd4 O-O 10.f3 Qa5 11.Qd2 b6 12.h4 Bb7 13.Kb1 Rac8 14.Qe1 Kh8 15.Bd2 Qc5
16.Bd3 a6 17.g4 b5 18.h5 Nd7 19.f4 e5 20.f5 b4 21.Ne2 d5 22.Ng3 Qb6 23.g5 dxe4
24.Nxe4 Nc5 25.Nxc5 Qxc5 26.f6 gxf6 27.gxf6 Bxf6 28.Bxb4 Qb6 29.Bxf8 e4 30.Ba3 exd3
31.Rxd3 Bxh1 32.Qxh1 Qf2 33.c3 Re8 34.Rd1 Qf5+ 35.Ka1 h6 36.Qf1 Qe6 37.Bc5 Bg5
38.a3 Kg8 39.Rd6 Qg4 40.Qxa6 Qxh5 41.Qc6 Re1+ 42.Ka2 Qe2 43.Bd4 Kh7 44.Qc8 Qe8
45.Qf5+ Kg8 46.c4 Re6 47.Rxe6 Qxe6 48.Qxe6 fxe6 49.Be5 Kf8 50.a4 Ke8 51.a5 Kd7
52.b4 Bd2 53.a6 Kc6 54.b5+ Kb6 55.Bd4+ Kc7 56.b6+ Kb8 57.Be5+  1-0

[Event "ch-Pol u20 Women"]
[Site "Brzeg Dolny POL"]
[Date "2001.02.14"]
[Round "8"]
[White "Matras,A"]
[Black "Andrzejewska,E"]
[Result "1/2-1/2"]
[WhiteElo "2235"]
[BlackElo "2244"]

1.e4 c5 2.Nf3 Nc6 3.d4 cxd4 4.Nxd4 Nf6 5.Nc3 d6 6.Bg5 e6 7.Qd2 a6 8.O-O-O Bd7
9.f3 h6 10.Be3 Qc7 11.Kb1 Na5 12.g4 b5 13.Rc1 Rb8 14.h4 g6 15.Rg1 Nc4 16.Bxc4 bxc4
17.g5 hxg5 18.hxg5 Nh5 19.Nde2 a5 20.Bd4 Rg8 21.Rce1 a4 22.Nc1 Bc6 23.Nd5 Qb7
24.Ne3 d5 25.exd5 Bxd5 26.Nxd5 Qxd5 27.Re5 Qc6 28.Re3 Bb4 29.Qh2 Bd6 30.Be5 Qb6
31.Rge1 Qxb2+ 32.Bxb2 Bxh2 33.Ka1 Ke7 34.Ba3+ Bd6 35.Bxd6+ Kxd6 36.Rd1+ Ke7
37.Ne2 Rb5 38.f4 Rd8 39.Rxd8 Kxd8 40.Re4 Rc5 41.Kb2 Ke7 42.Kc3 Kd6 43.Rxc4 Ng7
44.Ng3 Kd5 45.Rxc5+ Kxc5 46.Ne4+ Kd5 47.Kd3 e5 48.Nc3+ Ke6 49.Nxa4 exf4 50.Ke4 Kd6
51.Kxf4 Ne6+ 52.Kg4 Kd5 53.Nc3+ Kd4 54.Nb5+ Kc5 55.a4 Kb4 56.Nd6 Kxa4 57.Nxf7 Kb4
58.Ne5 Kc3 59.Nxg6 Nxg5 60.Kxg5 Kxc2  1/2-1/2

[Event "ch-Pol u20"]
[Site "Brzeg Dolny POL"]
[Date "2001.02.14"]
[Round "8"]
[White "Tomczak,Raf"]
[Black "Dziuba,M"]
[Result "0-1"]
[WhiteElo "2314"]
[BlackElo "2421"]

1.e4 c5 2.Nf3 d6 3.d4 cxd4 4.Nxd4 Nf6 5.Nc3 Nc6 6.Bg5 e6 7.Qd2 a6 8.O-O-O Bd7
9.f4 b5 10.Nxc6 Bxc6 11.Bxf6 Qxf6 12.Qe3 Qe7 13.Kb1 Qa7 14.Qe1 Be7 15.Bd3 Qb7
16.Qe3 Bd8 17.Qd4 Bf6 18.e5 dxe5 19.fxe5 Rd8 20.Qe3 Be7 21.Ne4 Qc7 22.Qg3 Rd5
23.Nc3 Rc5 24.Rde1 g6 25.Rhf1 O-O 26.Re3 Rd8 27.Qf4 Bf8 28.Rfe1 a5 29.Qh4 Bg7
30.g4 Rd7 31.Be4 Rxe5 32.Qg3 Bxe4 33.Nxe4 Red5 34.Qf3 Qd8 35.Rc1 b4 36.g5 Rf5
37.Qe2 Rfd5 38.h4 h5 39.Qf3 a4 40.Re2 a3 41.b3 Rf5 42.Qh1 Rd4 43.c3 bxc3
44.Nxc3 Rd3 45.Rec2 Rc5 46.Ne4 Qd4 47.Nf6+ Bxf6 48.gxf6 Rd2  0-1

[Event "FSIMA February"]
[Site "Budapest HUN"]
[Date "2001.02.14"]
[Round "11"]
[White "Erdelyi,Z"]
[Black "Dembo,Y"]
[Result "1/2-1/2"]
[WhiteElo "2244"]
[BlackElo "2342"]

1.e4 c5 2.Nf3 Nc6 3.d4 cxd4 4.Nxd4 Nf6 5.Nc3 d6 6.Bg5 e6 7.Qd2 Be7 8.O-O-O O-O
9.Nb3 Qb6 10.f3 Rd8 11.Be3 Qc7 12.Qf2 d5 13.exd5 Nxd5 14.Nxd5 Rxd5 15.Rxd5 exd5
16.g4 Be6 17.Kb1 a5 18.a4 Bd6 19.Bb5 Qe7 20.h3 Ne5 21.f4 Nc4 22.Bd4 Bd7 23.Re1 Qd8
24.Bxd7 Qxd7 25.Bc3 b5 26.axb5 Qxb5 27.Nd4 Qc5 28.Re2 Bf8 29.Nf5 Qxf2 30.Rxf2 g6
31.Nd4 Nd6 32.Re2 Ne4 33.Be1 Bc5 34.Nc6 Re8 35.Kc1 a4 36.Bb4 Re6 37.Bxc5 Nxc5
38.Rxe6 fxe6 39.Kd2 Ne4+ 40.Ke3 Kf7 41.g5 Ke8 42.Ne5 Ke7 43.Ng4 Nd6 44.Kd4 Nc4
45.Kc3 a3 46.bxa3 Nxa3 47.Nf6 h5 48.Kd3 Nc4 49.c3 Nd6 50.Ng8+ Kf7 51.Nf6 Ke7
52.Ng8+ Kf7 53.Nf6  1/2-1/2

[Event "1st Open de L'Estuaire"]
[Site "Trignac FRA"]
[Date "2001.02.14"]
[Round "6"]
[White "Sorin,B"]
[Black "Sorin,Ma"]
[Result "0-1"]
[WhiteElo "2089"]
[BlackElo "2262"]

1.e4 c5 2.Nf3 Nc6 3.d4 cxd4 4.Nxd4 Nf6 5.Nc3 d6 6.Bg5 e6 7.Qd2 a6 8.O-O-O h6
9.Nxc6 bxc6 10.Bf4 d5 11.Qe3 Be7 12.h4 O-O 13.Be2 Re8 14.e5 Nd7 15.Rh3 Bc5
16.Qd2 f6 17.Bxh6 Nxe5 18.Bxg7 Kxg7 19.Rg3+ Kh7 20.Bd3+ Nxd3+ 21.Qxd3+ f5
22.Qe2 Qf6 23.Rg5 Re7 24.g4 Rg7 25.Rh1 Bd7 26.Rxg7+ Qxg7 27.g5 e5 28.Na4 Bd4
29.c3 Ba7 30.Kb1 f4 31.Qxa6 Bf5+ 32.Ka1 Re8 33.Qe2 Be4 34.Qg4 Rb8 35.f3 Bc2
36.h5 Kh8 37.g6 Re8 38.Rh2 Bd3 39.Rd2 e4 40.fxe4 dxe4 41.Qxf4 Rf8  0-1

[Event "ch-ROM"]
[Site "Baile Tusnad ROM"]
[Date "2001.02.16"]
[Round "11"]
[White "Moldovan,D"]
[Black "Lupulescu,C"]
[Result "1/2-1/2"]
[WhiteElo "2432"]
[BlackElo "2348"]

1.e4 c5 2.Nf3 d6 3.d4 cxd4 4.Nxd4 Nf6 5.Nc3 Nc6 6.Bg5 e6 7.Qd2 a6 8.O-O-O Bd7
9.f4 b5 10.Bxf6 gxf6 11.Nxc6 Bxc6 12.Qe1 Ra7 13.Bd3 Qb6 14.Kb1 a5 15.f5 b4
16.Ne2 e5 17.Ng3 Bh6 18.Bc4 Ke7 19.Qe2 Qc5 20.Rhe1 Bg5 21.Nf1 Rc8 22.b3 a4
23.Ne3  1/2-1/2

[Event "Belgian Interteams 2000-1"]
[Site "BEL"]
[Date "2001.02.18"]
[Round "9"]
[White "Dutreeuw,M"]
[Black "Mohandesi,S"]
[Result "1-0"]
[WhiteElo "2413"]
[BlackElo "2299"]

1.e4 c5 2.Nf3 d6 3.d4 cxd4 4.Nxd4 Nf6 5.Nc3 Nc6 6.Bg5 e6 7.Qd2 a6 8.O-O-O Bd7
9.f3 Be7 10.Kb1 b5 11.Nxc6 Bxc6 12.Bd3 O-O 13.h4 Qc7 14.h5 Rfd8 15.h6 g6
16.Qf4 Ne8 17.Qh4 Bxg5 18.Qxg5 Kf8 19.Rd2 Qe7 20.Qe3 Qa7 21.Qf4 Qc5 22.Nd1 Qe5
23.Qh4 Qf6 24.Qf2 Qe7 25.Ne3 Nf6 26.Rhd1 Nd7 27.Ng4 Nf6 28.Nxf6 Qxf6 29.Bf1 Rdc8
30.Qe3 d5 31.e5 Qe7 32.g4 Qa7 33.Qg5 Qe7 34.Qe3 Qa7 35.Rd4 Qc5 36.f4 Re8
37.Re1 Ra7 38.c3 Rb7 39.a3 a5 40.Bd3 b4 41.cxb4 axb4 42.Rxb4 Qxe3 43.Rxe3 Rxb4
44.axb4 Rb8 45.b5 Bxb5 46.Bc2 Rc8 47.Ra3 Be2 48.g5 Bg4 49.b3 Rb8 50.Kb2 Rb4
51.Ra4 Rb8 52.Kc3 Rc8+ 53.Kd2 Bf5 54.Bd1 Be4 55.b4 Rc4 56.b5 Rxa4 57.Bxa4 d4
58.b6 Ke7 59.Bb5 Kd8 60.Kc1 Kc8 61.Be8  1-0

[Event "ch-ROM"]
[Site "Baile Tusnad ROM"]
[Date "2001.02.19"]
[Round "14"]
[White "Manea,A"]
[Black "Moldovan,D"]
[Result "1/2-1/2"]
[WhiteElo "2301"]
[BlackElo "2432"]

1.e4 c5 2.Nf3 Nc6 3.d4 cxd4 4.Nxd4 Nf6 5.Nc3 d6 6.Bg5 e6 7.Bb5 Bd7 8.Ba4 a6
9.Nxc6 bxc6 10.Qf3 h6 11.Bxf6 Qxf6 12.Qxf6 gxf6 13.O-O-O Rb8 14.Rd3 Rg8 15.g3 Rg5
16.Rhd1 Be7 17.a3 h5 18.h4 Rg4 19.Rd4 Kd8 20.b4 Kc7 21.Ne2 a5 22.c3 axb4
23.axb4 e5 24.f3 Rg7 25.R4d2 f5 26.exf5 Bxf5 27.Ra2 Be6 28.Ra3 Bc4 29.Kd2 Bxe2
30.Kxe2 Rxg3 31.Bb3 f5 32.Ra7+ Rb7 33.Rxb7+ Kxb7 34.b5 cxb5 35.Bf7 Rg2+ 36.Kd3 Bxh4
37.Bxh5 Kb6 38.Rb1 d5 39.Be8 e4+ 40.fxe4 dxe4+ 41.Kd4 Bf6+ 42.Kd5 Bxc3 43.Rxb5+ Ka6
44.Kc4 Ba5 45.Rxf5 e3 46.Kd3 e2 47.Rxa5+ Kxa5 48.Kd2 Kb4 49.Bh5 Kc4 50.Bxe2+ Kd4
51.Kd1 Kc3 52.Ke1 Rh2 53.Bf3 Kd3 54.Bb7 Rd2 55.Kf1 Ke3 56.Kg1 Rb2 57.Bc6 Rf2
58.Bb7 Ke2 59.Bc6 Rf6 60.Bb7 Rg6+ 61.Kh2 Ke3 62.Ba8 Kf4 63.Bb7 Rg3 64.Bc6 Kg4
65.Bb7 Rb3 66.Bc6 Rb6 67.Ba8 Rf6 68.Kg2 Ra6 69.Bb7 Ra2+ 70.Kf1  1/2-1/2

[Event "US Amateur Team East"]
[Site "Parsippany USA"]
[Date "2001.02.19"]
[Round "6"]
[White "Zaremba,An"]
[Black "Young,R"]
[Result "1/2-1/2"]
[WhiteElo "2293"]
[BlackElo "2280"]

1.e4 c5 2.Nf3 d6 3.d4 Nf6 4.Nc3 cxd4 5.Nxd4 Nc6 6.Bg5 e6 7.Qd2 a6 8.O-O-O h6
9.Be3 Nxd4 10.Qxd4 Qc7 11.Be2 b5 12.e5 dxe5 13.Bxb5+ axb5 14.Nxb5 Qxc2+ 15.Kxc2 exd4
16.Nc7+ Ke7 17.Bxd4 Ra5 18.b4 Rf5 19.Bc5+ Rxc5+ 20.bxc5 Ne4 21.Rhe1 Bb7 22.a4 Nxc5
23.a5 g5 24.Re5 Nd7 25.Re3 Bg7 26.Nd5+ Bxd5 27.Rxd5 Rb8 28.Rd2 Nc5 29.Ra3 Ne4
30.Re2 Rb2+ 31.Kd3 Nc5+ 32.Ke3 Rb7 33.a6 Ra7 34.Ra5 Nb3 35.Rb5 Bd4+ 36.Kd3 Nc1+
37.Kxd4 Nxe2+ 38.Ke3 Rxa6 39.Kxe2 Ra4 40.g3 Kf6 41.Kf3 Kg6 42.Kg2 h5 43.h3 f6
44.Rb8 Kf5 45.Rh8 h4 46.gxh4 Rxh4 47.Ra8 e5 48.Ra3 Rb4 49.Rc3 Rb5 50.Kg3 Rb4
51.Ra3 Rd4 52.Rb3 e4 53.Rb5+ Kg6 54.Kg2 Rd2 55.Rb3 f5 56.Rb6+ Kh5 57.Re6 Rd3
58.Kh2 g4 59.hxg4+ Kxg4 60.Kg2 Rd2 61.Re8 Kf4 62.Re7 Re2 63.Ra7 Rb2 64.Re7 Rb3
65.Ra7 Rd3 66.Ra8 Rd4 67.Re8 Kg5 68.Rg8+ Kf6 69.Rf8+ Ke6 70.Re8+ Kf7 71.Re5 Kf6
72.Re8 f4 73.Rf8+ Ke5 74.Re8+ Kd5 75.Rf8 f3+ 76.Kg3 Kc4 77.Ra8 Kd3 78.Rb8 Rc4
79.Rb2 Rc1 80.Rb3+ Kd2  1/2-1/2

[Event "8th Metalis Open"]
[Site "Bizovac CRO"]
[Date "2001.02.23"]
[Round "3"]
[White "Bubalovic,D"]
[Black "Kozul,Z"]
[Result "0-1"]
[WhiteElo "2328"]
[BlackElo "2594"]

1.e4 c5 2.Nf3 d6 3.d4 cxd4 4.Nxd4 Nf6 5.Nc3 Nc6 6.Bg5 e6 7.Qd2 a6 8.O-O-O Bd7
9.f3 Rc8 10.Nxc6 Rxc6 11.h4 Qa5 12.Kb1 h6 13.Be3 h5 14.Be2 Be7 15.Nd5 Qxd2
16.Nxf6+ Bxf6 17.Rxd2 e5 18.g3 g6 19.c3 Be6 20.Bd1 Bd8 21.Bb3 Bxb3 22.axb3 Bb6
23.Bxb6 Rxb6 24.Kc2 Ke7 25.b4 Ke6 26.Rd5 f5 27.Kd3 Rf8 28.Ke2 Rc6 29.Rhd1 Rf6
30.b5 Rb6 31.bxa6 Rxb2+ 32.Ke3 f4+ 33.gxf4 exf4+ 34.Kd4 bxa6 35.Ra5 Rf2 36.Rxa6 Kf7
37.Rb1 Rd2+ 38.Kc4 d5+ 39.Kb5 Rxa6 40.Kxa6 dxe4 41.fxe4 Ke6 42.c4 Rc2 43.Kb5 f3
44.Rb3 f2 45.Rf3 Ke5 46.c5 Kxe4 47.Rf8 Ke3 48.c6 Rc1  0-1

[Event "Open"]
[Site "Cappelle la Grande FRA"]
[Date "2001.02.25"]
[Round "2"]
[White "Luther,T"]
[Black "Aleksieva,S"]
[Result "1-0"]
[WhiteElo "2544"]
[BlackElo "2364"]

1.e4 c5 2.Nf3 Nc6 3.d4 cxd4 4.Nxd4 Nf6 5.Nc3 d6 6.Bg5 e6 7.Qd2 a6 8.O-O-O Nxd4
9.Qxd4 Be7 10.h4 b5 11.e5 dxe5 12.Qxe5 Bd7 13.Ne4 Nxe4 14.Qxe4 Bxg5+ 15.hxg5 Rc8
16.Qd4 Qc7 17.Bd3 Kf8 18.Rxh7 Rxh7 19.Bxh7 g6 20.c3 Bc6 21.Qh8+ Ke7 22.Qf6+ Ke8
23.Bxg6 fxg6 24.Rh1 Qe7 25.Rh8+  1-0

[Event "Open"]
[Site "Cappelle la Grande FRA"]
[Date "2001.02.25"]
[Round "3"]
[White "Kulaots,K"]
[Black "Fernando,D"]
[Result "1/2-1/2"]
[WhiteElo "2513"]
[BlackElo "2404"]

1.e4 c5 2.Nf3 d6 3.d4 cxd4 4.Nxd4 Nf6 5.Nc3 Nc6 6.Bg5 e6 7.Qd2 a6 8.O-O-O Nxd4
9.Qxd4 Be7 10.f3 Qc7 11.h4 b5 12.Kb1 Bb7 13.Qd2 b4 14.Ne2 Rc8 15.Nd4 O-O
16.Bd3 Rfd8 17.Qe1 Kh8 18.g4 a5 19.h5 h6 20.Bc1 e5 21.Nf5 Nh7 22.f4 exf4
23.Bxf4 Bf6 24.Rf1 Be5 25.Ne3 Bxf4 26.Rxf4 Ng5 27.Nd5 Bxd5 28.exd5 Re8 29.Qf1 Re5
30.Rc4 Qb7 31.Rxc8+ Qxc8 32.Bf5 Qe8 33.Kc1 Re2 34.Bd3 Re3 35.Qf4 Re1 36.Qf2 Re5
37.Bf5 Re3 38.Qf4 Re1 39.Qf2 Re3 40.Qf4 Re1 41.Qg3 Re5 42.Qf2 Re3 43.Qf4 Re1  1/2-1/2

[Event "Open"]
[Site "Cappelle la Grande FRA"]
[Date "2001.02.25"]
[Round "3"]
[White "Van den Doel,E"]
[Black "Van der Weide,K"]
[Result "1-0"]
[WhiteElo "2564"]
[BlackElo "2463"]

1.e4 c5 2.Nf3 Nc6 3.d4 cxd4 4.Nxd4 Nf6 5.Nc3 d6 6.Bg5 e6 7.Qd2 Be7 8.O-O-O O-O
9.Nb3 Qb6 10.f3 Rd8 11.Nb5 Rd7 12.Qe1 Qd8 13.h4 b6 14.Kb1 Bb7 15.g4 Ne5 16.N5d4 Rc8
17.Bxf6 Bxf6 18.g5 Be7 19.Bh3 Qc7 20.f4 Ng6 21.f5 Nf4 22.fxe6 fxe6 23.Nxe6 Qxc2+
24.Ka1 Nxh3 25.Rxh3 d5 26.Rhd3 a5 27.exd5 Bb4 28.Qe3 Re8 29.a3 Bxd5 30.Rxd5 Rxd5
31.Rxd5 a4 32.Rd8 Rxd8 33.Nxd8 Qd1+ 34.Nc1  1-0

[Event "Czech Extra League 2000-1"]
[Site "CZE"]
[Date "2001.02.25"]
[Round "7"]
[White "Hracek,Z"]
[Black "Stocek,J"]
[Result "1-0"]
[WhiteElo "2602"]
[BlackElo "2537"]

1.e4 c5 2.Nf3 d6 3.d4 cxd4 4.Nxd4 Nf6 5.Nc3 Nc6 6.Bg5 a6 7.Qd2 e6 8.O-O-O Qb6
9.Nb3 Qc7 10.f4 b5 11.Kb1 b4 12.Bxf6 gxf6 13.Ne2 Qb6 14.Ng3 a5 15.Nh5 a4
16.Nd4 Qxd4 17.Qxd4 Nxd4 18.Rxd4 Rb8 19.Nxf6+ Ke7 20.Nh5 Rg8 21.Rc4 Bh6 22.Rc7+ Bd7
23.g4 Rgc8 24.Rxc8 Rxc8 25.g5 Bc6 26.Bd3 Bf8 27.h4 h6 28.Rf1 Ra8 29.f5 hxg5
30.hxg5 Ra5 31.Nf4 Bd7 32.f6+ Ke8 33.g6 fxg6 34.e5 dxe5 35.f7+ Kxf7 36.Nxg6+ Kg7
37.Nxf8 Bc8 38.Nh7 Bb7 39.Ng5  1-0

[Event "It Blind"]
[Site "Linares ESP"]
[Date "2001.02.25"]
[Round "3"]
[White "Krylov,Se"]
[Black "Bjerring,K"]
[Result "1-0"]
[WhiteElo "2341"]
[BlackElo "2311"]

1.e4 c5 2.Nf3 d6 3.d4 cxd4 4.Nxd4 Nf6 5.Nc3 Nc6 6.Bg5 Bd7 7.Qd2 Rc8 8.O-O-O Nxd4
9.Qxd4 Qa5 10.f4 Rxc3 11.bxc3 e5 12.fxe5 dxe5 13.Qd3 Ba3+ 14.Kd2 O-O 15.Bxf6 gxf6
16.Rb1 Rd8 17.Qg3+ Kh8 18.Bd3 Bc6 19.Rhf1 Be7 20.Qh4 Qxa2 21.Ke2 Qe6 22.Rf5 Rg8
23.Qf2 Rxg2 24.Qxg2 Qxf5 25.Rg1 Qg5 26.Qf2 Qh5+ 27.Ke1 b6 28.Rg3 f5 29.Be2 Qh6
30.Qxf5 Qe6 31.Qxe6 fxe6 32.Rg4 h5 33.Rg6 Bxe4 34.Rxe6 Bh4+ 35.Kd1 Kg7 36.Rxe5 Bg6
37.Rd5 Bf6 38.Rd7+ Kh6 39.c4 h4 40.Rxa7 Be5 41.h3 Bf5 42.Rb7 Bd4 43.c3 Bc5
44.Bf1 Kg5 45.Ke2 Kf4 46.Rf7 Bg1 47.Bg2 Ke5 48.Rf8 Be6 49.Re8 Kf6 50.Kd3 Bf5+
51.Kd2 Bc5 52.Rh8 Kg5 53.Bf3 Bxh3 54.Rh5+ Kf4 55.Rxh4+ Kg3 56.Rh5 Be6 57.Bd5 Bg4
58.Re5 Kf4 59.Re4+ Kg3 60.Re8 Kf4 61.Kc2 Bd7 62.Re1 Ba4+ 63.Kd3 Bd7 64.Be6 Be8
65.Bf7 Bd7 66.Kc2 Ba4+ 67.Kb2 Bc6 68.Kb3 Bd7 69.Be8 Bf5 70.Ka4 Bg4 71.Kb5 Bf5
72.Kc6 Be4+ 73.Kc7 Bd3 74.Bf7 Be4 75.Bd5 Bf5 76.Kc6 Bc2 77.Re2 Bd3 78.Rb2 Ke3
79.Rxb6 Bxb6 80.Kxb6 Kd2 81.c5 Kxc3 82.c6 Bf5 83.Bf7 Kd4 84.Be8 Be4 85.c7 Bf5
86.Bg6 Bd7 87.Kb7 Kc5 88.Be4 Kd6 89.Kb8 Be6 90.Bb7 Kc5 91.Bc8 Bc4 92.Bg4 Ba6
93.Be2 Kd5  1-0

[Event "It"]
[Site "Tel Aviv ISR"]
[Date "2001.02.27"]
[Round "7"]
[White "Gruenfeld,Y"]
[Black "Kovalev,A"]
[Result "0-1"]
[WhiteElo "2520"]
[BlackElo "2544"]

1.e4 c5 2.Nf3 Nc6 3.d4 cxd4 4.Nxd4 Nf6 5.Nc3 d6 6.Bg5 e6 7.Qd2 a6 8.O-O-O Qb6
9.Be3 Ng4 10.Nf5 Qc7 11.Nxd6+ Bxd6 12.Qxd6 Qxd6 13.Rxd6 Nxe3 14.fxe3 Ke7
15.Rd2 Ne5 16.Be2 Bd7 17.b3 Rac8 18.Kb2 Bc6 19.Rd4 Rc7 20.Nd5+ exd5 21.exd5 Bxd5
22.Rxd5 f6 23.Bf3 Re8 24.Rhd1 Kf7 25.Bh5+ g6 26.Be2 f5 27.Rd6 Ree7 28.a3 Kg7
29.R6d2 Nf7 30.Rd3 f4 31.Bf3 Ne5 32.Rd4 Nxf3 33.gxf3 fxe3 34.Re1 Rc5 35.Re2 Kf6
36.c4 Rf5 37.f4 Rh5 38.Kc3 Kf5 39.Kd3 Rh4 40.Rd5+ Kxf4 41.Rd4+ Kf3 42.Rd6 Rf4
43.c5 Ree4  0-1

[Event "Open"]
[Site "Cappelle la Grande FRA"]
[Date "2001.03.02"]
[Round "8"]
[White "Berelovich,A"]
[Black "Dziuba,M"]
[Result "0-1"]
[WhiteElo "2519"]
[BlackElo "2421"]

1.e4 c5 2.Nf3 d6 3.d4 cxd4 4.Nxd4 Nf6 5.Nc3 Nc6 6.Bg5 e6 7.Qd2 a6 8.O-O-O Bd7
9.f4 b5 10.Bxf6 gxf6 11.Kb1 Qb6 12.Nxc6 Bxc6 13.Qe1 Be7 14.Bd3 Qc5 15.Ne2 Qe3
16.h4 Rg8 17.Rh3 Qc5 18.Ng3 O-O-O 19.Qe2 Kb8 20.Nf1 d5 21.exd5 Rxd5 22.Ne3 Rd4
23.Bxh7 Rh8 24.Rxd4 Qxd4 25.Bd3 Qxf4 26.h5 f5 27.a4 Bf6 28.axb5 axb5 29.c3 b4
30.cxb4 Qxb4 31.Nc4 Bd5 32.Ne5 Kc7 33.Qc2+ Kd6 34.Nxf7+ Ke7 35.Nxh8 Qe1+
36.Qc1 Ba2+ 37.Kc2 Qf2+ 38.Be2 Qxe2+ 39.Qd2 Bb1+ 40.Kc1 Qf1+  0-1

[Event "IV Open"]
[Site "Malaga ESP"]
[Date "2001.03.03"]
[Round "9"]
[White "Garcia Martinez,S"]
[Black "Alonso,S"]
[Result "0-1"]
[WhiteElo "2371"]
[BlackElo "2429"]

1.e4 c5 2.Nf3 Nc6 3.d4 cxd4 4.Nxd4 Nf6 5.Nc3 d6 6.Bg5 e6 7.Qd2 a6 8.O-O-O h6
9.Be3 Be7 10.f3 Nxd4 11.Qxd4 e5 12.Qd2 Be6 13.Nd5 Nxd5 14.exd5 Bf5 15.Bd3 Bxd3
16.Qxd3 Bg5 17.Kb1 Bxe3 18.Qxe3 O-O 19.h4 f5 20.g4 fxg4 21.fxg4 Rf4 22.g5 h5
23.Rdf1 Qf8 24.Rxf4 Qxf4 25.Qxf4 exf4 26.Kc1 Re8 27.Kd2 Re5 28.c4 f3 29.Rh2 b5
30.cxb5 axb5 31.Kd3 Re1 32.a3 Kh7 33.Rc2 Rh1 34.Ke4 Kg6 35.Kxf3 Rxh4 36.Re2 Kxg5
37.Re6 Kf5 38.Rxd6 Rh3+ 39.Kg2 Rb3 40.Rb6 Rxb2+ 41.Kg1 Rb3 42.d6 Ke6 43.Rb7 Kxd6
44.a4 bxa4 45.Rxg7 a3 46.Ra7 Kc5  0-1

[Event "Victor Ciocaltea Mem"]
[Site "Bucharest ROM"]
[Date "2001.03.05"]
[Round "2"]
[White "Brodsky,M"]
[Black "Solak,D"]
[Result "1/2-1/2"]
[WhiteElo "2527"]
[BlackElo "2511"]

1.e4 c5 2.Nf3 d6 3.d4 cxd4 4.Nxd4 Nf6 5.Nc3 Nc6 6.Bg5 e6 7.Qd2 a6 8.O-O-O h6
9.Be3 Be7 10.f4 Bd7 11.Kb1 b5 12.Bd3 Qc7 13.h3 Na5 14.g4 b4 15.Nce2 Nc4 16.Bxc4 Nxe4
17.Qd3 Nc5 18.Nxe6 Bxe6 19.Bxc5 Bxc4 20.Qxc4 dxc5 21.h4 O-O 22.g5 h5 23.f5 Rfd8
24.Nf4 Rxd1+ 25.Rxd1 Rd8 26.Nd5 Qe5 27.Qxa6 Rxd5 28.Qa8+ Rd8 29.Rxd8+ Bxd8
30.Qxd8+ Kh7 31.a4 bxa3 32.bxa3 c4 33.f6  1/2-1/2

[Event "Victor Ciocaltea Mem"]
[Site "Bucharest ROM"]
[Date "2001.03.11"]
[Round "8"]
[White "Solak,D"]
[Black "Nevednichy,V"]
[Result "1/2-1/2"]
[WhiteElo "2511"]
[BlackElo "2563"]

1.e4 c5 2.Nf3 Nc6 3.d4 cxd4 4.Nxd4 Nf6 5.Nc3 d6 6.Bg5 e6 7.Qd2 a6 8.O-O-O h6
9.Bf4 Bd7 10.Nxc6 Bxc6 11.f3 d5 12.Qe1 Bb4 13.a3 Ba5 14.Bd2 Rc8 15.exd5 Nxd5
16.Nxd5 Bxd2+ 17.Rxd2 Bxd5 18.Bd3 Qc7  1/2-1/2

[Event "FSIMA March"]
[Site "Budapest HUN"]
[Date "2001.03.13"]
[Round "10"]
[White "Jamrich,G"]
[Black "Dembo,Y"]
[Result "0-1"]
[WhiteElo "2283"]
[BlackElo "2342"]

1.e4 c5 2.Nf3 Nc6 3.d4 cxd4 4.Nxd4 Nf6 5.Nc3 d6 6.Bg5 e6 7.Qd2 Be7 8.O-O-O O-O
9.Nb3 Qb6 10.f3 Rd8 11.Nb5 Rd7 12.Qe1 Qd8 13.g4 a6 14.N5d4 Qc7 15.h4 b5 16.Nxc6 Qxc6
17.Nd4 Qc7 18.Kb1 Bb7 19.Bc1 Rc8 20.Rh2 Ne8 21.g5 e5 22.Nf5 Bf8 23.Bh3 Rb8
24.h5 Rdd8 25.g6 d5 26.Qg3 dxe4 27.gxf7+ Kxf7 28.Nd4 exd4 29.Bf4 Bd6 30.fxe4 Bxf4
31.Rf1 Kg8 32.Rxf4 Nf6 33.h6 Bc8 34.Rhf2 Bxh3 35.hxg7 d3 36.cxd3 Rbc8 37.Qg1 Rd6
38.b3 Rc6 39.Kb2 Rc1  0-1

[Event "Ivan Zanic Mem"]
[Site "Stara Pazova YUG"]
[Date "2001.03.13"]
[Round "5"]
[White "Colovic,A"]
[Black "Lajthajm,B"]
[Result "1/2-1/2"]
[WhiteElo "2416"]
[BlackElo "2425"]

1.e4 c5 2.Nf3 Nc6 3.d4 cxd4 4.Nxd4 Nf6 5.Nc3 d6 6.Bg5 e6 7.Qd2 Be7 8.O-O-O a6
9.f4 Qc7 10.Be2 Bd7 11.Bf3 h6 12.Bh4 Rc8 13.Rhe1 g5 14.fxg5 Nh7 15.Nxc6 bxc6
16.Kb1 hxg5 17.Bf2 Nf8 18.Be3 Qd8 19.Qe2 Qa5 20.Bd2 Qb6 21.b3 e5 22.Na4 Qb7
23.Be3 Rb8 24.Nb6 Be6 25.Bg4 Rxh2 26.Rf1 Qc7 27.Nc4 Rh6 28.Bc1 Bxg4 29.Qxg4 Qc8
30.Rf5 Qe6 31.Qe2 f6 32.Ne3 d5 33.exd5 cxd5 34.Rxd5 Rh1 35.Rf1 Rxf1 36.Qxf1 Rc8
37.g4 Bc5 38.Qf3 Bxe3 39.Bxe3 Ng6 40.Qe4 Ne7 41.Rd2  1/2-1/2

[Event "Open"]
[Site "Bad Woerishofen GER"]
[Date "2001.03.17"]
[Round "3"]
[White "Vatter,H"]
[Black "Pelletier,Y"]
[Result "0-1"]
[WhiteElo "2342"]
[BlackElo "2548"]

1.e4 c5 2.Nf3 d6 3.d4 cxd4 4.Nxd4 Nf6 5.Nc3 Nc6 6.Bg5 e6 7.Qd2 h6 8.Bxf6 gxf6
9.Nb3 a6 10.O-O-O b5 11.f4 Qb6 12.Be2 h5 13.Bf3 Ne5 14.Rhf1 Bb7 15.Kb1 Nxf3
16.gxf3 O-O-O 17.f5 Bh6 18.Qg2 b4 19.Ne2 d5 20.fxe6 fxe6 21.exd5 Bxd5 22.Nbd4 Kb8
23.Qg6 e5 24.Nf5 Rdg8 25.Qxh5 Bd2 26.Qxh8 Rxh8 27.Rxd2 Bxa2+ 28.Kxa2 Qe6+
29.Kb1 Qxf5 30.Ng3 Qf4 31.Rd6 Rc8 32.b3 Kb7 33.Kb2 e4 34.Nxe4 Qe5+ 35.Kb1 f5
36.Rd7+ Kc6 37.Rd6+ Kc7 38.Rfd1 fxe4 39.R6d5 Qxh2 40.Rc5+ Kb8 41.Rxc8+ Kxc8
42.fxe4 Kc7 43.Rd3 Qh1+ 44.Kb2 Qxe4 45.Kb1 Kc6 46.Rd1 Kc5 47.Kb2 Qf3 48.Rd7 Kc6
49.Rh7 Qf6+ 50.Kb1 Kd5 51.Rc7 Qf4 52.Rc8 Qf1+ 53.Kb2 Qf5 54.Rd8+ Ke4 55.Rd1 Ke3
56.Kb1 Ke2 57.Rd6 a5 58.Rc6 Qe5 59.Rc8 Qd4 60.Rg8 Qd1+ 61.Kb2 Qd5 62.Rg4 Kd2  0-1

[Event "TCh-SVK"]
[Site "SVK"]
[Date "2001.03.17"]
[Round "10"]
[White "Mrvova,A"]
[Black "Kolesar,Mil"]
[Result "1-0"]
[WhiteElo "2231"]
[BlackElo "2158"]

1.e4 c5 2.Nf3 d6 3.d4 cxd4 4.Nxd4 Nf6 5.Nc3 Nc6 6.Bg5 e6 7.Be2 a6 8.Qd2 Bd7
9.f4 b5 10.Bf3 Rc8 11.O-O-O Be7 12.Kb1 O-O 13.Rhe1 b4 14.Nce2 Qb6 15.Nxc6 Bxc6
16.Nd4 Bb7 17.e5 dxe5 18.fxe5 Nd5 19.Bxd5 Bxg5 20.Qxg5 Bxd5 21.Re3 Qa5 22.Nb3 Qd8
23.Qg4 Qc7 24.Rc1 Qc4 25.Qxc4 Rxc4 26.Nd2 Rf4 27.Nf3 Rc8 28.Rd1 h6 29.a3 a5
30.axb4 axb4 31.b3 Rc5 32.Kb2 Kh7 33.Rd2 Kg6 34.Ne1 Rf1 35.Nd3 Rb5 36.Rg3+ Kh7
37.Rg4 g5 38.Rxb4 Rxb4 39.Nxb4 Bxg2 40.Rxg2 Kg6 41.Nd3 Kf5 42.Re2  1-0

[Event "TCh-SVK"]
[Site "SVK"]
[Date "2001.03.17"]
[Round "10"]
[White "Pinter,E"]
[Black "Lanc,A"]
[Result "1/2-1/2"]
[WhiteElo "2238"]
[BlackElo "2392"]

1.e4 c5 2.Nf3 Nc6 3.d4 cxd4 4.Nxd4 Nf6 5.Nc3 d6 6.Bg5 e6 7.Qd2 a6 8.O-O-O h6
9.Be3 Be7 10.f3 Nxd4 11.Bxd4 b5 12.Qf2 Qc7 13.Kb1 Bd7 14.g4 b4 15.Ne2 e5
16.Be3 Be6 17.g5 hxg5 18.Bxg5 Nxe4 19.fxe4 Bxg5  1/2-1/2

[Event "17th Spring Festival"]
[Site "Budapest HUN"]
[Date "2001.03.18"]
[Round "3"]
[White "Toczek,G"]
[Black "Gara,T"]
[Result "0-1"]
[WhiteElo "2278"]
[BlackElo "2322"]

1.e4 c5 2.Nf3 d6 3.d4 cxd4 4.Nxd4 Nf6 5.Nc3 Nc6 6.Bg5 e6 7.Qd2 a6 8.O-O-O h6
9.Be3 Be7 10.f3 Nxd4 11.Qxd4 b5 12.Kb1 Rb8 13.g4 b4 14.Ne2 e5 15.Qd2 Be6
16.g5 hxg5 17.Bxg5 Nxe4 18.fxe4 Bxg5 19.Qxd6 Qxd6 20.Rxd6 Rd8 21.Rxd8+ Kxd8
22.Nc1 a5 23.Nb3 a4 24.Nc5 Bg4 25.Bc4 Be3 26.Nd3 f6 27.Re1 Bd2 28.Rg1 Rxh2
29.a3 b3 30.cxb3 axb3 31.Bxb3 Be2 32.Nb4 g5 33.Nd5 Rf2 34.Ka2 g4 35.Rh1 g3
36.Rh8+ Kd7 37.Ba4+ Kd6 38.Rd8+ Kc5 39.b4+ Kd4 40.Nxf6+ Ke3 41.Nd5+ Kf3 42.b5 g2
43.Rg8 Bxb5 44.Bd1+ Kxe4 45.Kb3 Kxd5 46.Rxg2 Rxg2 47.Bf3+ Kd4 48.Bxg2 Bc4+
49.Kc2 Ba5 50.Bf3 Bd5 51.Bg4 e4 52.Be2 e3 53.Bg4 Ke4 54.Bh5 Kf4 55.Kd3 Bf3  0-1

[Event "Czech Extra League 2000-1"]
[Site "CZE"]
[Date "2001.03.18"]
[Round "9"]
[White "Brecka,I"]
[Black "Jurka,M"]
[Result "1/2-1/2"]
[WhiteElo "2321"]
[BlackElo "2351"]

1.e4 c5 2.Nf3 d6 3.d4 cxd4 4.Nxd4 Nf6 5.Nc3 Nc6 6.Bg5 e6 7.Qd2 Be7 8.O-O-O O-O
9.f4 Nxd4 10.Qxd4 Qa5 11.Kb1 Rd8 12.Qd2 h6 13.Bxf6 Bxf6 14.Nd5 Qxd2 15.Nxf6+ gxf6
16.Rxd2 Kf8 17.Bc4 Ke7 18.Rhd1 b6 19.Kc1 Bb7 20.Re1 Rac8 21.Bd3 Rc5 22.Re3 Rh5
23.g3 Rc5 24.Be2 Rd7 25.b4 Rc8 26.Kb2 Rdc7 27.c3 Bc6 28.Bf3 Bb5 29.Be2 Bxe2
30.Rdxe2 h5 31.Rd2 Rc4 32.Red3 Rxe4 33.Rxd6 Rc7 34.R6d4 Re3 35.R2d3 Re2+
36.Rd2 Re3 37.R2d3 Re2+ 38.Rd2  1/2-1/2

[Event "Czech Extra League 2000-1"]
[Site "CZE"]
[Date "2001.03.18"]
[Round "9"]
[White "Efler,D"]
[Black "Obsivac,J"]
[Result "0-1"]
[WhiteElo "2175"]
[BlackElo "2330"]

1.e4 c5 2.Nf3 Nc6 3.d4 cxd4 4.Nxd4 Nf6 5.Nc3 d6 6.Bg5 Bd7 7.Be2 Qa5 8.Bxf6 gxf6
9.Nxc6 bxc6 10.O-O Rb8 11.Rb1 Bg7 12.Bc4 h5 13.Qf3 h4 14.Rfe1 Qc5 15.b3 Bh6
16.h3 Bd2 17.Red1 Qg5 18.Bf1 Rg8 19.Ne2 Ba5 20.c4 f5 21.Kh1 Bc7 22.e5 Rg6
23.Nf4 Rh6 24.exd6 Bxd6 25.Nd3 e5 26.c5 Bc7 27.Qe3 Qxe3 28.fxe3 Ke7 29.Nb2 Rg8
30.Nc4 Be6 31.Kg1 Bd5 32.Rd2 Rhg6 33.Rbd1 Be6 34.Rf2 Rg3 35.Re1 Rxh3 36.Nd2 Rhg3
37.e4 f4 38.Nf3 h3 39.Kh1 Bg4 40.Nh2 Ba5 41.Rc1 Bh5  0-1